000 00352nam a2200157Ia 4500
003 0STCL
008 150530s9999 xx 000 0 und d
040 _aSTCL
_cSTCL
100 _aCharles Scriber, Jr.; Editor
245 _aEnduring Hemingway
260 _c1974
546 _aEnglish
942 _2ddc
_cBK
999 _c67446
_d67446
005 20220125171343.0